MARC

LEADER 00000nam0a2200000 4500
001 316456
005 20231102002858.0
035 |a (RuTPU)RU\TPU\book\341894 
090 |a 316456 
100 |a 20160322d1987 m y0rusy50 ca 
101 0 |a rus 
102 |a RU 
105 |a a z 000gy 
200 1 |a Внешних дней лаборатория: стихотворения (1926-1937 годы)  |f Н. А. Заболоцкий 
210 |a Москва  |c Молодая гвардия  |d 1987 
215 |a 175 с.  |c ил. 
606 1 |a Русская литература современная  |2 stltpush  |3 (RuTPU)RU\TPU\subj\26373  |9 50316 
610 1 |a поэзия 
610 1 |a русские поэты 
610 1 |a стихотворения 
610 1 |a поэмы 
675 |a Р2  |v 4 
700 1 |a Заболоцкий  |b Н. А.  |c русский поэт, переводчик  |f 1903-1958  |g Николай Алексеевич  |2 stltpush  |3 (RuTPU)RU\TPU\pers\7203  |4 070  |9 1348 
801 1 |a RU  |b 63413507  |c 20160322 
801 2 |a RU  |b 63413507  |c 20201224  |g RCR 
942 |c BK